000 01010nas a2200313 4500
001 BR2011005374
003 BR-BrBNA
005 20231205115641.0
007 ta
008 230509b bl.|||p| |||| 00| 00por d
040 _aBR-BrBNA
_bpor
_cBiblioteca Nacional de Agricultura
041 _a(En)
072 _aM40
100 1 _aNwaugo, V.O.
100 1 _aOnyeagba, R.A.
100 1 _aUmeham, S.N.
100 1 _aAzu. N.
245 1 _aEfeito das propriedades físico-químicas e de características de adesão às superfícies sobre biofilmes formados em um efluente de moinho de mandioca às margens do rio Oloshi, Nigéria
650 _aNIGÉRIA
650 _aECOLOGIA AQUÁTICA
650 _aBIOFILME
650 _aPROPRIEDADE FÍSICO-QUÍMICA
650 _aBACTÉRIA
650 _aHABITAT
650 _aRIO
773 0 _tEstudos de Biologia (Brazil)
_xISSN 0102-2067
_g(Jan-Mar 2007), v. 29(66) p. 53-61
_wBR2011005374
909 _a202311
_bLúcia
_c55
_dLúcia Elande
942 _2AGRIS
_n0
_cANA
999 _c215034
_d215034